| 000 | 00638nam a2200193 a 4500 | ||
|---|---|---|---|
| 005 | 20210223120832.0 | ||
| 008 | 991125s1996 mx 000 0 spa u | ||
| 020 | _a9686177728 | ||
| 035 | _aUPN01000008127 | ||
| 049 | _aCG | ||
| 050 | 4 |
_aQH31 W3 _bG82 |
|
| 100 | 1 |
_aGuillén, Fedro Carlos, _d1959- _930566 |
|
| 245 | 1 | 3 |
_aEl científico que creía en los fantasmas : _bAlfred Russel Wallace / _cFedro Carlos Guillén. |
| 260 |
_aMéxico : _bPANGEA, _c1996. |
||
| 300 |
_a104 p. : _bil. |
||
| 440 | 0 | _aColección de viajeros del conocimiento | |
| 600 | 1 | 4 |
_aWALLACE, ALFRED RUSSEL, _d1823-1913 - _vSELECCIONES, EXTRACTOS, ETC. |
| 905 | _aLibro | ||
| 999 |
_c8127 _d8127 |
||